| 000 | 02461cgm a22004097a 4500 | ||
|---|---|---|---|
| 001 | 12623121 | ||
| 005 | 20240227093613.0 | ||
| 007 | vf|c|ahu| | ||
| 008 | 011217s1990 xxu042 e vceng d | ||
| 010 | _a 2001646818 | ||
| 035 | _a(OCoLC)ocm42497092 | ||
| 040 |
_aWaMaS _cOEM _dDLC _eamim _dDLC |
||
| 042 | _alccopycat | ||
| 050 | 0 | 0 | _aVAD 9887 (viewing copy) |
| 082 |
_a910.222 _222 _bPLA |
||
| 245 | 0 | 0 |
_aBlue Planet _h[videorecording] / _cproduced by Graeme Ferguson ; written, edited and narrated by Toni Myers; principal director Ben Burtt; Lockheed Corporation., United States. National Aeronautics and Space Administration. and National Air and Space Museum. |
| 260 |
_aBurbank, CA : _bWarner Home Video, [2001] _c[2001] |
||
| 300 |
_a1 videodisc (ca. 41 min.) : _bsd., col. ; _c4 3/4 in. |
||
| 500 | _a Title from videodisc. Originally released as an IMAX motion picture in 1990. "A presentation of the Smithsonian Institution's National Air and Space Museum and Lockheed Corporation in association with the National Aeronautics and Space Admnistration"--Container. | ||
| 500 | _aLanguages : English, Spanish, French, German, Dutch with subtitles English, French, Greek, Hungarian. | ||
| 508 | _aFilmed in space by the astronauts ; Associate producer Phyllis Ferguson ; Music by Micky Erbe and Maribeth Solomon. | ||
| 520 | _aView Earth from space. Orbiting 200 miles above Earth's surface, see familiar landforms: the majestic Himalayas, giant Namib desert sand dunes, jewel-like Caribbean islands. From this unique vantage point see how natural forces - volcanoes, earthquakes and hurricanes - affect our planet, and how a powerful new force - mankind, has begun to alter the face of Earth. | ||
| 538 | _aDVD, region 1, full screen (1.33:1) presentation; Dolby Digital 5.1 surround.; Filmed in 70MM IMAX format. | ||
| 546 | _anglish, with optional French soundtrack; optional subtitles in English, French, Spanish and Portugese. Closed captioned. | ||
| 650 | 0 |
_aEcology. _911195 |
|
| 651 | 0 |
_aEarth _914151 |
|
| 655 | 7 | _aDocumentary films | |
| 655 | 7 | _aScience films | |
| 700 |
_914148 _aMyers, Toni |
||
| 700 |
_914149 _aFerguson, Graeme |
||
| 710 | 2 |
_aUnited States _914147 _bNational Aeronautics and Space Administration |
|
| 942 |
_2ddc _cCDVDMOV _hRDA-MOD |
||
| 999 |
_c10302 _d10302 |
||
| 336 |
_2rdacontent _atext _btxt |
||
| 337 |
_aunmediated _2rdamedia _bn |
||
| 338 |
_avolume _bnc _2rdacarrier |
||